Capitales Provinciales de Chile - Estadísticas

Estadísticas generales
  • Esta prueba ha sido intentada 65 veces
  • La puntuación promedio es 39 de 56
Estadísticas de respuestas
Provincia Capital % Correcto
Arica Arica
100%
Santiago Comuna de Santiago (Santiago Centro)
98%
Iquique Iquique
96%
Valparaíso Valparaíso
92%
Antofagasta Antofagasta
90%
Copiapó Copiapó
90%
Talca Talca
90%
Valdivia Valdivia
90%
Concepción Concepción
88%
Curicó Curicó
88%
Los Andes Los Andes
88%
Linares Linares
86%
Osorno Osorno
86%
Llanquihue Puerto Montt
86%
Quillota Quillota
86%
Tocopilla Tocopilla
86%
Elqui Coquimbo
84%
Coyhaique Coyhaique
84%
Cautín Temuco
84%
Melipilla Melipilla
82%
San Antonio San Antonio
82%
San Felipe de Aconcagua San Felipe
82%
Talagante Talagante
82%
Magallanes Punta Arenas
80%
Cachapoal Rancagua
80%
Chañaral Chañaral
78%
Chiloé Castro
76%
La Antártica Chilena Puerto Williams
73%
El Loa Calama
71%
Cauquenes Cauquenes
71%
Isla de Pascua Hanga Roa
69%
Biobío Los Ángeles
67%
Cordillera Puente Alto
63%
Colchagua San Fernando
63%
Parinacota Putre
61%
Aysén Puerto Aysén
59%
Última Esperanza Puerto Natales
59%
Limarí Ovalle
57%
Huasco Vallenar
57%
Chacabuco Colina
53%
Marga Marga Quilpué
53%
Malleco Angol
51%
El Ranco La Unión
51%
Cardenal Caro Pichilemu
51%
Tierra del Fuego Porvenir
49%
Maipo San Bernardo
49%
Palena Chaitén
47%
General Carrera Chile Chico
47%
Arauco Lebu
47%
Tamarugal Pozo Almonte
47%
Punilla San Carlos
47%
Petorca La Ligua
45%
Capitán Prat Cochrane
43%
Diguillín Bulnes
39%
Choapa Illapel
37%
Itata Quirihue
29%
No se encontraron pruebas coincidentes
Distribución de puntuación
Porcentaje de gente con cada puntuación
Porcentaje por número respondido
Historial de tus puntuaciones
No has intentado esta prueba.